000 nam a22 7a 4500
999 _c9459
_d9459
008 180131b ||||| |||| 00| 0 eng d
100 _aJauher, S P
_95669
245 _aChemistry -IX (NCERT - Syllabus)
260 _aNew Delhi
_bHoly Faith Publication